| 000 | 00661cam a22002294a 4500 | ||
|---|---|---|---|
| 003 | UPN | ||
| 005 | 20220801141756.0 | ||
| 008 | 090209s1995 ag a r 000 0 spa d | ||
| 020 | _a9500377470 | ||
| 035 | _aUPN01000168983 | ||
| 040 |
_aUPN _bspa _cUPN |
||
| 049 | _aCG | ||
| 050 | 4 |
_aLB1062 _bT6.7 |
|
| 100 | 1 |
_aTonucci, Francesco, _d1941- _930884 |
|
| 245 | 1 | 1 |
_a¡Si no os hacéis como yo! / _cFrancesco Tonucci. |
| 260 |
_aBuenos Aires : _bLosada, _c[1995]. |
||
| 300 |
_a96 páginas : _bprincipalmente ilustrada |
||
| 650 | 4 |
_aEducación _vObras ilustradas _943424 |
|
| 650 | 0 |
_aNiños _vObras ilustradas _943425 |
|
| 905 | _aLibro | ||
| 942 |
_2lcc _cLIBRO |
||
| 999 |
_c141089 _d141089 |
||